Quiz di cultura generale - #3 - Statistics

Statistiche generali
  • Questo quiz è stato fatto 33.485 volte
    33.361 dall'ultimo reset
  • Il punteggio medio è 15 su 20
Statistiche sulle risposte
Domanda Risposta % Corretto
Quale teorema permette di calcolare la lunghezza dell'ipotenusa di un triangolo conoscendo i cateti? Teorema di Pitagora
99%
Presidente degli Stati Uniti nel 2020 Donald Trump
96%
Piccoli personaggi dei cartoni animati dalla pelle blu che vivono dentro funghi colorati Puffi
96%
"Finestra" in inglese Window
93%
In che anno scoppiò la Prima Guerra Mondiale? 1914
91%
Quante sono le stelle sulla bandiera dell'Unione Europea? 12
88%
Storico capitano e portiere della Juventus Gianluigi Buffon
87%
In quale città venne incoronato Carlo Magno? Roma
85%
Fu l'inventore del cubismo Pablo Picasso
77%
Santo patrono di Napoli San Gennaro
77%
Uno dei più famosi cantanti lirici italiani di tutti i tempi Luciano Pavarotti
76%
Qual è la prima squadra di calcio fondata in italia? Torino Football & Cricket Club / Genoa Cricket and Football Club
76%
Qual è il pianeta più piccolo del sistema solare? Mercurio
74%
Simbolo chimico dell'oro Au
73%
In quale Paese mi trovo se passeggio per le strade di Nairobi? Kenya
72%
Qual è la classe animale più diffusa al mondo? Insetti
56%
Capitale delle Filippine Manila
55%
Storico conduttore televisivo italiano, ha condotto "lascia o raddoppia", "la ruota della fortuna" e molti altri Mike Bongiorno
47%
Era detto il Papa Buono San Giovanni XXIII
30%
Nome della persona nella copertina del quiz Isaac Newton
27%
Nessun quiz corrispondente trovato
Distribuzione punteggi
Percentuale di utenti per punteggio
Percentile per numero di risposta
I tuoi punteggi nel tempo
Non hai fatto questo quiz dall'ultimo reset